[Event "Mecklenburg VP-ch U10"]
[Site "Malchow"]
[Date "2019.02.02"]
[Round "1.6"]
[White "Fritsch, Friedrich"]
[Black "Kern, Odin"]
[Result "0-1"]
[WhiteElo "917"]
[BlackElo "747"]
[PlyCount "118"]
[EventDate "2019.02.02"]
[EventType "swiss"]
[EventRounds "7"]
[EventCountry "GER"]
[SourceTitle "EXT 2022"]
[Source "ChessBase"]
[SourceDate "2021.10.06"]
[SourceVersion "1"]
[SourceVersionDate "2021.10.06"]
[SourceQuality "1"]

1. e4 d5 2. e5 Nc6 3. Nf3 d4 4. Bc4 Nh6 5. d3 f6 6. 0-0 f5 7. Bxh6 gxh6 8. c3 e6 9. a3 Bg7 10. cxd4 Nxd4 11. Nxd4 Qxd4 12. Qh5+ Ke7 13. Nc3 Bxe5 14. Ra2 Rg8 15. Nb5 Qg4 16. Qxg4 Rxg4 17. d4 Bf6 18. Nxc7 Rb8 19. Nb5 a6 20. Be2 Rh4 21. Na7 Bxd4 22. Bf3 Bd7 23. Nc8+ Rxc8 24. Bxb7 Rc2 25. h3 Rh5 26. Bf3 Rg5 27. g3 f4 28. h4 Rf5 29. gxf4 Rxf4 30. Bg2 Rfxf2 31. Rxf2 Rxf2 32. Ra1 Bb5 33. Kh1 Bxb2 34. Ra2 Bc4 35. Rxb2 Rxb2 36. Kh2 Bd5 37. Kg3 Bxg2 38. Kf4 Ra2 39. Ke5 Rxa3 40. Kf4 a5 41. Ke5 Rf3 42. Kd4 a4 43. Ke5 a3 44. Kd4 Kd6 45. Kc4 a2 46. h5 a1Q 47. Kb4 e5 48. Kc4 Rc3+ 49. Kb4 Rc2 50. Kb3 e4 51. Kxc2 Qd4 52. Kc1 e3 53. Kc2 Qf4 54. Kd3 Qf3 55. Kc3 e2+ 56. Kd2 Qf2 57. Kd3 e1Q 58. Kc4 Qc2+ 59. Kd4 Qee4# 0-1

[Event "Mecklenburg VP-ch U10"]
[Site "Malchow"]
[Date "2018.02.07"]
[Round "7.4"]
[White "Asmussen, Johann"]
[Black "Fritsch, Friedrich"]
[Result "1-0"]
[WhiteElo "920"]
[BlackElo "739"]
[PlyCount "109"]
[EventDate "2018.02.07"]
[EventType "swiss"]
[EventRounds "7"]
[EventCountry "GER"]
[SourceTitle "EXT 2022"]
[Source "ChessBase"]
[SourceDate "2021.10.06"]
[SourceVersion "1"]
[SourceVersionDate "2021.10.06"]
[SourceQuality "1"]

1. e4 e5 2. Nf3 Nc6 3. Bc4 h6 4. 0-0 Nf6 5. Nc3 Bb4 6. h3 0-0 7. Nd5 d6 8. c3 Ba5 9. b4 Bb6 10. a4 a5 11. b5 Ne7 12. Nxf6+ gxf6 13. d3 c6 14. bxc6 bxc6 15. Bxh6 Re8 16. d4 exd4 17. Nxd4 d5 18. exd5 cxd5 19. Bb5 Bd7 20. Qf3 Bc7 21. Bxd7 Qxd7 22. Nb5 Bb8 23. Qg4+ Qxg4 24. hxg4 f5 25. Rae1 fxg4 26. Bg5 Kf8 27. Bh6+ Kg8 28. Nd4 Bd6 29. Nb5 Bc5 30. Nc7 Rac8 31. Nxe8 Rxe8 32. Bg5 Kf8 33. Rd1 Nf5 34. Rxd5 Ne3 35. fxe3 Bb6 36. Rfd1 Ra8 37. Bf6 Ke8 38. Rd6 Bxe3+ 39. Kf1 Bb6 40. Rxb6 Kf8 41. Ra6 Re8 42. Rd5 Rb8 43. Rb6 Rc8 44. Rh5 Ke8 45. Rh8+ Kd7 46. Rxc8 Kxc8 47. c4 Kc7 48. Ra6 Kb7 49. Rd6 Kc7 50. Be5 Kb7 51. c5 Kc7 52. Rf6+ Kd7 53. c6+ Kc8 54. Rxf7 g3 55. Rf8# 1-0

[Event "Mecklenburg VP-ch U10"]
[Site "Malchow"]
[Date "2018.02.07"]
[Round "6.5"]
[White "Fritsch, Friedrich"]
[Black "Israel, Tim"]
[Result "1-0"]
[WhiteElo "739"]
[BlackElo "783"]
[PlyCount "45"]
[EventDate "2018.02.07"]
[EventType "swiss"]
[EventRounds "7"]
[EventCountry "GER"]
[SourceTitle "EXT 2022"]
[Source "ChessBase"]
[SourceDate "2021.10.06"]
[SourceVersion "1"]
[SourceVersionDate "2021.10.06"]
[SourceQuality "1"]

1. e4 c6 2. Nf3 d5 3. exd5 cxd5 4. Nc3 Nf6 5. d4 Bg4 6. Bf4 e6 7. a3 Nc6 8. Nb5 a6 9. Nc7+ Qxc7 10. Bxc7 Ne4 11. Qe2 e5 12. dxe5 Bc5 13. Qd3 Rc8 14. Bd6 Bxf2+ 15. Kd1 Ba7 16. Qxd5 Nf2+ 17. Kc1 Nxh1 18. Ng5 Bh5 19. Qe4 Bg6 20. Qg4 Rd8 21. Bd3 Nd4 22. Bxg6 hxg6 23. Qf4 1-0